00451nam a2200181 a 4500001001300000003000900013005001700022008004100039020001000080082001400090100001700104245005300121260002300174300000800197500003500205650001200240700001700252nice12345678IN_TiNIC20260116014236.0070312s2000 dela grd 000 0 hin  ac10000a306bRAZ2 aRaza, Gauhar aMedia Ka Sampradaikta, Sachhai Ka Bhram, Ayodhya aDelhibAnhadc2000 a00p aincludes index and biblioraphy aFiction1 aRaza, Gauhar